| 000 | 02711nam a2200337 a 4500 | ||
|---|---|---|---|
| 001 | 000000431 | ||
| 003 | DO-SdBNP | ||
| 005 | 20180402135846.0 | ||
| 007 | 000000431 | ||
| 008 | 081112s1998 dr a 000 f spa d | ||
| 020 | _a78945406665 | ||
| 040 |
_aBPMSU _bspa _cBPMSU |
||
| 092 |
_a823.8 _bM813o |
||
| 100 | 1 |
_aMontse V. _d1812-1870 |
|
| 245 | 1 | 0 |
_aOliver Twist / _c Charles Dickens; versión : Montserrat V. Esteban; ilustraciones A. Centeno |
| 260 |
_aSanto Domingo : _bTobogán, _c1998 _g2008 (reimpresión) |
||
| 300 |
_a95 p. : _bil. ; _c23 cm. |
||
| 440 | 0 | _aClásicos universales | |
| 500 | _aIncluye datos biográficos del autor | ||
| 500 | _aLa biblioteca posee 2 ejemplares reimpresos en 2008 | ||
| 505 | 0 | _a1. Nacimiento de Oliver Twist -- 2. La infancia de Oliver -- 3.Oliver casi se coloca -- 4.Oliver entra en el mundo -- 5. La nueva profesión de Oliver -- 6. Oliver lucha con Noé -- 7. Oliver persiste en su rebelión -- 8. Un joven singular -- 9. El bondadoso anciano y sus aventajados discípulos - 10. Comienza el "aprendizaje" -- 11. Curiosa forma de administrar justicia -- 12. Cierto retrato -- 13. Bill Sikes -- 14. El pronóstico de Grinwig -- 15. La captura de Oliver -- 16. Oliver tras la captura -- 17. Un personaje difama a Oliver -- 18. En casa del judío -- 19. Plan de campaña -- 20. En las garras de Bill Sikes -- 21. La expediciõn -- 22. Robo con fractura -- 23. Conversación de Bumble con una dama -- 24. Detalles penosos pero cortos -- 25. Fagin y su cuadrilla -- 26. Un personaje misterioso -- 27. La dama del asilo -- 28. Oliver reaparece -- 29. Los habitantes de aquella casa -- 30. Opiniones sobre Oliver -- 31. Una situación crítica -- 32. La casa de sus nuevos protectores -- 33. Un golpe imprevisto -- 34. La aventura de Oliver -- 35. Conversación de Henry con Rosa -- 36. Conferencia secreta -- 37. Una historia divertida -- 38. Entrevista entre Monks y la señora Bumble -- 39. El complot entre Monks y el judío -- 40. Una extraña entrevista -- 41. Más sorpresas -- 42. Claypole cambia de oficio -- 43. La caída del "Truhán" -- 44. Una misión secreta -- 45. La cita -- 46. Consecuencias fatales -- 47. La fuga de Sikes -- 48. Monks y Brunlow se encuentran -- 49. Persecusión y fuga -- 50. Se aclara más de un misterio -- 51. Las últimas horas del judío -- 52. Conclusión. | |
| 650 | 4 | _aNOVELA INGLESA | |
| 650 | 4 | _aLITERATURA INGLESA | |
| 700 | 1 |
_aDickens, Charles. _d1812-1870. _tOliver Twist |
|
| 700 | 1 |
_aCenteno, A. _dil. |
|
| 830 | _pClásicos universales Tobogán | ||
| 942 |
_2ddc _cBK |
||
| 945 | _aInventariado / 2018VM | ||
| 956 |
_aVMATEO _b10 _c20150511 _lBPMSU _h00151 |
||
| 956 | _aValidado. Control de calidad MFF | ||
| 999 |
_c7857 _d7857 |
||